[Event "IM"]
[Site "Niederbronn FRA"]
[Date "2003.08.09"]
[Round "8"]
[White "Mohebbi,J"]
[Black "Reinhart,E"]
[Result "0-1"]
[WhiteElo "2251"]
[BlackElo "2148"]

1.d4 d5 2.Nf3 Nf6 3.c4 c6 4.Nc3 dxc4 5.a4 Bf5 6.e3 e6 7.Bxc4 Bb4 8.O-O Nbd7
9.h3 h6 10.Qb3 a5 11.Na2 Be7 12.Nc3 g5 13.Nd2 Nb6 14.Be2 Bg6 15.Rd1 Bb4 16.e4 O-O
17.e5 Nfd5 18.Nde4 Nxc3 19.bxc3 Bxe4 20.cxb4 axb4 21.h4 Nd5 22.hxg5 Nc3 23.Rd2 Qxg5
24.f3 Bd5 25.Qxb4 Nxe2+ 26.Rxe2 Qg6 27.Ra3 Rfd8 28.a5 Kh7 29.Qc3 Rac8 30.Qc2 Rd7
31.Qxg6+ fxg6 32.Rc2 g5 33.Bd2 Kg6 34.Bb4 h5 35.Kh2 Rh8 36.Bd6 Rf7 37.Rb2 h4
38.Rf2 g4 39.Rf1 g3+ 40.Kg1 h3 41.gxh3 Rxh3 42.a6 bxa6 43.Rb1 Rxf3 44.Kg2 Rh2+  0-1

[Event "ADCF Masters"]
[Site "Abu Dhabi UAE"]
[Date "2003.08.16"]
[Round "1"]
[White "Neverov,V"]
[Black "Tissir,M"]
[Result "1-0"]
[WhiteElo "2566"]
[BlackElo "2346"]

1.Nf3 Nf6 2.d4 d5 3.c4 c6 4.Nc3 dxc4 5.a4 Bf5 6.Nh4 e6 7.Nxf5 exf5 8.e3 Bd6
9.Bxc4 O-O 10.Qc2 g6 11.O-O Nbd7 12.f3 Nb6 13.Bb3 c5 14.dxc5 Bxc5 15.Kh1 Rc8
16.e4 Nh5 17.g3 fxe4 18.Nxe4 Be3 19.Qe2 Bxc1 20.Raxc1 Qe7 21.Qb5 Rc7 22.Rxc7 Qxc7
23.Rd1 Nc8 24.Qc5 Qxc5 25.Nxc5 Nf6 26.Nxb7 Ne7 27.Rd8 Rxd8 28.Nxd8 Ned5 29.Kg2 Kf8
30.Kf2 h5 31.Nc6 a6 32.Nb8 Nb4 33.Bc4 a5 34.Na6 Nxa6 35.Bxa6 Nd5 36.Bc4 Nb6
37.b3 Ke7 38.Ke3 f6 39.Kd4 Nd7 40.Kd5 g5 41.f4 h4 42.gxh4 gxh4 43.Ke4 Nb6
44.Kf5  1-0

[Event "Jezero Open"]
[Site "Belgrade YUG"]
[Date "2003.08.20"]
[Round "7"]
[White "Grkovic,V"]
[Black "Damjanovic,D"]
[Result "0-1"]
[WhiteElo "2151"]
[BlackElo "2276"]

1.d4 d5 2.c4 c6 3.Nc3 Nf6 4.Nf3 dxc4 5.a4 Bf5 6.Ne5 Nbd7 7.Nxc4 Nb6 8.e3 e6
9.a5 Nbd5 10.Be2 Nb4 11.O-O Be7 12.Ne5 Bc2 13.Qd2 Ne4 14.Nxe4 Bxe4 15.Ra4 f6
16.Nc4 Nd5 17.Bh5+ Bg6 18.Bxg6+ hxg6 19.e4 b5 20.axb6 Nxb6 21.Nxb6 axb6 22.Rxa8 Qxa8
23.Qe2 Kf7 24.Rd1 Rh5 25.h3 Qa4 26.Be3 Rb5 27.Rc1 c5 28.d5 Rb4 29.Qd3 Qd7
30.b3 exd5 31.exd5 Qb5 32.Rc3 Qxd3 33.Rxd3 Bd6 34.Kf1 Ke7 35.Ke2 Be5 36.Bd2 Rd4
37.Rxd4 Bxd4 38.Kd3 Bxf2 39.Kc4 g5 40.b4 Kd6 41.b5 Bg3 42.Bc3 Ke7 43.Kd3 Kf7
44.Ke4 Kg6 45.Kf3 Be5 46.Bd2 f5 47.g4 Kf6 48.Bc1 g6 49.Bd2 Bd4 50.d6 f4 51.h4 gxh4
52.Bxf4 Ke6 53.d7 Kxd7 54.Bg5 h3 55.Kg3 c4 56.Kxh3 Kd6 57.Kg3 Kc5 58.Kf3 Kxb5
59.Bc1 c3 60.Ke4 Kc4  0-1

[Event "Open"]
[Site "Vienna AUT"]
[Date "2003.08.21"]
[Round "6"]
[White "Aschenbrenner,R"]
[Black "Wallner,J"]
[Result "1-0"]
[WhiteElo "2229"]
[BlackElo "2310"]

1.d4 d5 2.c4 c6 3.Nf3 Nf6 4.Nc3 dxc4 5.a4 Bf5 6.Nh4 e6 7.Nxf5 exf5 8.e3 Bd6
9.Bxc4 Qe7 10.Qc2 g6 11.f3 Nbd7 12.O-O c5 13.Nb5 Bb8 14.dxc5 Qxc5 15.Bd3 a6
16.Nd4 O-O 17.Qxc5 Nxc5 18.Bc4 Ba7 19.b4 Ncd7 20.g3 Rfe8 21.Bd2 Nb6 22.Bb3 Nbd5
23.Kf2 Re7 24.Rad1 Rae8 25.Rfe1 f4 26.gxf4 Nxf4 27.Bc1 Bxd4 28.Rxd4 Ne6 29.Rd6 Nh5
30.Red1 Nhg7 31.Rd7 Nf5 32.Bxe6 fxe6 33.e4 Rxd7 34.Rxd7 Rc8 35.exf5 Rxc1
36.fxe6 b5 37.axb5 axb5 38.Rd8+  1-0

[Event "Open"]
[Site "Porto San Giorgo ITA"]
[Date "2003.08.22"]
[Round "2"]
[White "Naumkin,I"]
[Black "Helmers,W"]
[Result "1-0"]
[WhiteElo "2406"]
[BlackElo "2127"]

1.d4 d5 2.c4 c6 3.Nf3 Nf6 4.Nc3 dxc4 5.a4 Bf5 6.e3 e6 7.Bxc4 Bb4 8.O-O O-O
9.Nh4 Nbd7 10.f3 Qb6 11.e4 Bg6 12.Nxg6 hxg6 13.Kh1 e5 14.dxe5 Nxe5 15.Be2 Rad8
16.Qc2 Qc5 17.f4 Bxc3 18.fxe5 Qxe5 19.Qxc3 Qxc3 20.bxc3 Nxe4 21.Ba3 Rfe8
22.Bc4 Nf6 23.Bc5 b6 24.Bd4 Nd5 25.h3 c5 26.Bg1  1-0

[Event "23rd Open"]
[Site "Bratto ITA"]
[Date "2003.08.24"]
[Round "4"]
[White "Castaldo,F"]
[Black "Drabke,L"]
[Result "1-0"]
[WhiteElo "2322"]
[BlackElo "2448"]

1.Nf3 d5 2.d4 Nf6 3.c4 c6 4.Nc3 dxc4 5.a4 Bf5 6.Nh4 Bd7 7.g3 c5 8.Bg2 cxd4
9.Qxd4 Bc6 10.Qxc4 Bxg2 11.Nxg2 e6 12.O-O Nc6 13.Rd1 Qc8 14.Bf4 Be7 15.Nb5 O-O
16.Nd6 Bxd6 17.Bxd6 Rd8 18.Ne3 Ne8 19.Ba3 Rxd1+ 20.Rxd1 Qc7 21.Qc5 Nf6 22.b4 Qe5
23.b5 Qxc5 24.Bxc5 Ne5 25.Bxa7 Ned7 26.Bd4 e5 27.Bc3 Rxa4 28.Bxe5 Kf8 29.Bxf6 Nxf6
30.Rd8+ Ke7 31.Rb8 Ra7 32.b6 Ra1+ 33.Kg2 Ke6 34.Rxb7 Nd7 35.Rc7  1-0

[Event "TCh-BIH"]
[Site "Neum BIH"]
[Date "2003.08.24"]
[Round "3"]
[White "Zivanic,M"]
[Black "Bratic,I"]
[Result "1-0"]
[WhiteElo "2415"]
[BlackElo "2220"]

1.d4 d5 2.c4 c6 3.Nf3 Nf6 4.Nc3 dxc4 5.a4 Bf5 6.Ne5 Nbd7 7.Nxc4 Nb6 8.Ne5 a5
9.f3 Nfd7 10.Nxd7 Nxd7 11.e4 Bg6 12.d5 e6 13.dxe6 fxe6 14.Qb3 Nc5 15.Qc2 Qd4
16.Bg5 Be7 17.Rd1 Qe5 18.Be3 O-O 19.Be2 Qc7 20.Bc4 Kh8 21.O-O e5 22.Ne2 b6
23.Ng3 Nb7 24.Kh1 Bc5 25.Bg5 h6 26.Bd2 Nd6 27.Bb3 Qe7 28.Bc3 Rf4 29.Be1 Raf8
30.Qe2 h5 31.Bf2 Bxf2 32.Qxf2 h4 33.Ne2 Nxe4 34.Qxb6 Ng3+ 35.hxg3 hxg3 36.Nxf4 exf4
37.Rfe1 Qh4+ 38.Kg1 Kh7 39.Kf1 Rb8 40.Bg8+ Kh8 41.Qg1 Kxg8 42.Re2 Rb3 43.Ke1 Bd3
44.Re8+ Kf7 45.Re5 Rxb2 46.Rxd3 Rf2 47.Kd1 Ra2 48.Qd4 Qh1+ 49.Re1 Qxg2 50.Qxf4+  1-0

[Event "2nd It"]
[Site "Pays de Charleroi FRA"]
[Date "2003.08.25"]
[Round "4"]
[White "Genov,Peta"]
[Black "Cappon,J"]
[Result "1-0"]
[WhiteElo "2501"]
[BlackElo "2216"]

1.d4 d5 2.c4 c6 3.Nf3 Nf6 4.Nc3 dxc4 5.a4 Bf5 6.Ne5 e6 7.f3 Bb4 8.Bg5 h6
9.Bh4 c5 10.dxc5 Qxd1+ 11.Kxd1 Nd5 12.Kd2 Nxc3 13.bxc3 Bxc5 14.e4 Bh7 15.Bxc4 f6
16.Nd3 Bd6 17.Bxe6 Bg8 18.Bc8 Nd7 19.Bxb7 Rb8 20.Rab1 Ke7 21.Bf2 a5 22.Ba7 Rd8
23.Bd5  1-0

[Event "Open"]
[Site "Porto San Giorgo ITA"]
[Date "2003.08.25"]
[Round "5"]
[White "Unterfrauner,A"]
[Black "Bighiu,G"]
[Result "1-0"]
[WhiteElo "2188"]
[BlackElo "2126"]

1.Nf3 d5 2.d4 Nf6 3.c4 c6 4.Nc3 dxc4 5.a4 Bf5 6.e3 e6 7.Bxc4 Bb4 8.O-O O-O
9.Bd3 Nbd7 10.Bxf5 exf5 11.Qc2 g6 12.Qb3 a5 13.Ne5 Qe7 14.Nd3 Ra6 15.Bd2 Rd8
16.Rfd1 Nb6 17.Be1 Bd6 18.Ne2 Nbd5 19.Ne5 Rb6 20.Qd3 Nb4 21.Qc4 Nfd5 22.Nf4 Ra6
23.Nfd3 Rb6 24.Nf4 Kg7 25.Nfd3 Re8 26.Nxb4 Nxb4 27.Nd3 Nxd3 28.Qxd3 Rxb2
29.d5 Be5 30.d6 Qf6 31.f4 Rxg2+ 32.Kxg2 Bxa1 33.d7 Rd8 34.Bxa5 Qb2+ 35.Kh1 b6
36.Bxb6 Qxb6 37.Rxa1 c5 38.Kg1 Qc6 39.Rd1 Qxa4 40.Rd2 Qa1+ 41.Kf2 Qf6 42.Qd5 Qe6
43.Qb7 c4 44.Qc7 Qe7 45.Ke2 Kh6 46.Rd4 c3 47.Kd3 Kh5 48.Qc6 c2 49.Kxc2 Kh6
50.Kd3 Qa3+ 51.Ke2 Qe7 52.Qc7 Qh4 53.Kd3 Qe7 54.Kc4 Kh5 55.Qc6 Kh6 56.Qc7 Qe6+
57.Kc5 Qe7+ 58.Kc6 Qe6+ 59.Qd6 Qb3 60.Qb4 Qa2 61.Qb6 Qe6+ 62.Kc7 Qe7 63.Qd6 Qh4
64.Rb4 Kg7 65.Qe5+ Kh6 66.Qe8 Rxe8 67.dxe8=Q  1-0

[Event "TCh-BIH"]
[Site "Neum BIH"]
[Date "2003.08.27"]
[Round "7"]
[White "Ruck,R"]
[Black "Bratic,I"]
[Result "1-0"]
[WhiteElo "2550"]
[BlackElo "2220"]

1.Nf3 d5 2.d4 Nf6 3.c4 c6 4.Nc3 dxc4 5.a4 Bf5 6.Ne5 Nbd7 7.Nxc4 Nb6 8.Ne5 a5
9.g3 e6 10.Bg2 Bb4 11.O-O O-O 12.e3 Nbd7 13.Nd3 Be7 14.e4 Bg4 15.f3 Bh5 16.g4 Bg6
17.f4 h6 18.f5 exf5 19.gxf5 Bh7 20.e5 Ne8 21.f6 Ndxf6 22.exf6 Qxd4+ 23.Nf2 Qxd1
24.Rxd1 Nxf6 25.Be3 Bd8 26.Bd4 Bc2 27.Rd2 Bb3 28.Nd3 Be6 29.Nc5 Bc8 30.Ra3 Re8
31.Rb3 Ng4 32.Re2 Rxe2 33.Nxe2 Ra7 34.h3 Nf6 35.Nd7 Ra8 36.Nxf6+ Bxf6 37.Bxf6 gxf6
38.Nd4 c5 39.Ne2 Rb8 40.Nc3 Be6 41.Rxb7 Rxb7 42.Bxb7 Bxh3 43.Ne4 c4 44.Bd5 Be6
45.Bxe6 fxe6 46.Nd2 c3 47.bxc3 Kf7 48.Nb3 Ke7 49.Nxa5 Kd6 50.Nb3 e5 51.a5 Kc6
52.c4 h5 53.Kg2 f5 54.Kg3 Kb7 55.c5 f4+ 56.Kh4 e4 57.Nd2  1-0

[Event "Open"]
[Site "Porto San Giorgo ITA"]
[Date "2003.08.28"]
[Round "8"]
[White "Farago,I"]
[Black "Tischbierek,R"]
[Result "1-0"]
[WhiteElo "2465"]
[BlackElo "2522"]

1.d4 d5 2.c4 c6 3.Nf3 Nf6 4.Nc3 dxc4 5.a4 Bf5 6.Ne5 Nbd7 7.Nxc4 Qc7 8.g3 e5
9.dxe5 Nxe5 10.Bf4 Nfd7 11.Qc1 f6 12.Bg2 Be6 13.Nxe5 fxe5 14.Be3 Nc5 15.Bxc5 Bxc5
16.O-O O-O 17.Ne4 Be7 18.a5 Kh8 19.Nc5 Bg4 20.h3 Bf5 21.Qe3 Rad8 22.g4 Bc8
23.Nd3 a6 24.Nxe5 Bb4 25.Nc4 Rfe8 26.Qb3 c5 27.Qc2 Be6 28.e3 Bxc4 29.Qxc4 Rd2
30.b3 Bxa5 31.Qa4  1-0

[Event "Acropolis Open"]
[Site "Athens GRE"]
[Date "2003.08.29"]
[Round "5"]
[White "Stamenkov,V"]
[Black "Kounalakis,E"]
[Result "1-0"]
[WhiteElo "2411"]
[BlackElo "2158"]

1.Nf3 d5 2.d4 Nf6 3.c4 c6 4.Nc3 dxc4 5.a4 Bf5 6.e3 e6 7.Bxc4 Bb4 8.O-O O-O
9.Nh4 Bg4 10.f3 Nd5 11.Qe1 Be7 12.fxg4 Bxh4 13.g3 Be7 14.Ne4 Nd7 15.Bd2 c5
16.Bxd5 exd5 17.Nc3 Nf6 18.Rf4 Bd6 19.Rf5 cxd4 20.exd4 Re8 21.Qf2 Ne4 22.Qg2 Nxc3
23.bxc3 Re6 24.Raf1 f6 25.Qxd5 Qe7 26.g5  1-0

[Event "WGM"]
[Site "Punat CRO"]
[Date "2003.08.30"]
[Round "5"]
[White "Medic,Mir"]
[Black "Sudakova,I"]
[Result "0-1"]
[WhiteElo "2271"]
[BlackElo "2263"]

1.d4 d5 2.c4 c6 3.Nf3 Nf6 4.Nc3 dxc4 5.a4 Bf5 6.Ne5 Nbd7 7.Nxc4 Nb6 8.e3 e6
9.Ne5 a5 10.Bd3 Bxd3 11.Qxd3 Bb4 12.O-O Nfd7 13.Nxd7 Nxd7 14.Rd1 O-O 15.e4 Qe7
16.Qg3 Rfd8 17.b3 e5 18.Bb2 exd4 19.Rxd4 f6 20.Rad1 Nc5 21.h3 Ne6 22.Rxd8+ Rxd8
23.Rxd8+ Qxd8 24.Qg4 Nc5 25.e5 fxe5 26.Ne4 Nxe4 27.Qxe4 Qd1+ 28.Kh2 Qxb3
29.Bxe5 Bf8 30.Bc7 Qf7 31.Bxa5 Qxf2 32.Bc7 Qf7 33.Be5 Qe6 34.Qf4 h6 35.h4 c5
36.Kh1 Qd5 37.a5 Qd1+ 38.Kh2 Qd3 39.Qg4 Qd5 40.Bc3 h5 41.Qe2 Qf5 42.g3 Qd5
43.Qb2 Qe4 44.Be5 Qd3 45.Kg2 c4 46.Kh2 Kh7 47.Qf2 Bb4 48.Qb2 Qd2+  0-1

[Event "Acropolis GM"]
[Site "Athens GRE"]
[Date "2003.08.31"]
[Round "7"]
[White "Banikas,H"]
[Black "Johannessen,LE"]
[Result "1/2-1/2"]
[WhiteElo "2530"]
[BlackElo "2525"]

1.d4 d5 2.c4 c6 3.Nf3 Nf6 4.Nc3 dxc4 5.a4 Bf5 6.e3 e6 7.Bxc4 Bb4 8.O-O O-O
9.h3 Nbd7 10.Nh4 Bg6 11.Nxg6 hxg6 12.Qc2 Qe7 13.Rd1 Rfd8 14.Bd2 c5 15.dxc5 Nxc5
16.Be1 Rxd1 17.Rxd1 Rd8  1/2-1/2

[Event "VII Pablo Gorbea"]
[Site "Madrid ESP"]
[Date "2003.09.02"]
[Round "2"]
[White "Gabriel y Galan Acevedo,J"]
[Black "Sanchez,Joseph"]
[Result "0-1"]
[WhiteElo "2077"]
[BlackElo "2410"]

1.d4 d5 2.Nf3 c6 3.c4 Nf6 4.Nc3 dxc4 5.a4 Bf5 6.e3 e6 7.Bxc4 Bb4 8.O-O Nbd7
9.Bd2 O-O 10.Re1 Bg6 11.Rc1 Qe7 12.Na2 Bd6 13.Ne5 Nxe5 14.dxe5 Bxe5 15.Bc3 Rad8
16.Qe2 Bc7 17.b3 Ne4 18.Bb2 Rd2  0-1

[Event "V Open"]
[Site "Sants ESP"]
[Date "2003.09.02"]
[Round "4"]
[White "Peralta,F"]
[Black "Avila Jimenez,J"]
[Result "1-0"]
[WhiteElo "2505"]
[BlackElo "2252"]

1.Nf3 d5 2.d4 c6 3.c4 Nf6 4.Nc3 dxc4 5.a4 Bf5 6.e3 e6 7.Bxc4 Bb4 8.O-O O-O
9.Nh4 Bg4 10.f3 Bh5 11.g4 Nd5 12.Ng2 Bg6 13.Na2 Be7 14.e4 Nb6 15.Bb3 c5 16.a5 N6d7
17.d5 e5 18.Nc3 Bg5 19.Bxg5 Qxg5 20.h4 Qh6 21.g5 Qh5 22.Ne2 Bxe4 23.fxe4  1-0

[Event "Polish Extraleague"]
[Site "Lubniewice POL"]
[Date "2003.09.04"]
[Round "6"]
[White "Miton,K"]
[Black "Stempin,P"]
[Result "1/2-1/2"]
[WhiteElo "2546"]
[BlackElo "2401"]

1.d4 Nf6 2.c4 c6 3.Nc3 d5 4.Nf3 dxc4 5.a4 Bf5 6.e3 e6 7.Bxc4 Bb4 8.O-O Nbd7
9.Qe2 Bg6 10.e4 O-O 11.Bd3 h6 12.Rd1 a6 13.h3 Re8 14.Bf4 Rc8 15.Rac1 Qe7
16.Na2 Ba5 17.b4 Bc7 18.Bxc7 Rxc7 19.Nd2 e5 20.d5 Rec8 21.dxc6 Rxc6 22.Nb3 Rxc1
23.Rxc1 Rxc1+ 24.Nbxc1 Nf8 25.Qc2  1/2-1/2

[Event "Polish Extraleague"]
[Site "Lubniewice POL"]
[Date "2003.09.05"]
[Round "7"]
[White "Czerwonski,A"]
[Black "Zawadzki,S"]
[Result "1-0"]
[WhiteElo "2373"]
[BlackElo "2411"]

1.d4 d5 2.c4 c6 3.Nc3 Nf6 4.Nf3 dxc4 5.a4 Bf5 6.Nh4 Bd7 7.e3 b5 8.Nf3 e6
9.Ne5 a6 10.Qf3 Ra7 11.g4 h6 12.h4 Bb4 13.g5 hxg5 14.hxg5 Rxh1 15.Qxh1 Ng8
16.g6 f6 17.Qh8 Kf8 18.Nf7 Qa5 19.Bd2 c5 20.Bg2 Be8 21.Qh2 Qc7 22.Qxc7 Rxc7
23.axb5 Bxc3 24.Bxc3 Bxb5 25.Ba5 Rd7 26.dxc5 Ne7 27.Nd8 Nec6 28.Nxe6+ Kg8
29.Nf4 Nxa5 30.Rxa5 Kf8 31.Rxb5 axb5 32.c6 Rd8 33.c7 Re8 34.Ne6+  1-0

[Event "FSGM September"]
[Site "Budapest HUN"]
[Date "2003.09.07"]
[Round "2"]
[White "Erdos,V"]
[Black "Banusz,T"]
[Result "1-0"]
[WhiteElo "2420"]
[BlackElo "2322"]

1.d4 d5 2.c4 c6 3.Nf3 Nf6 4.Nc3 dxc4 5.a4 Bf5 6.Ne5 Nbd7 7.Nxc4 Qc7 8.g3 e5
9.dxe5 Nxe5 10.Bf4 Nfd7 11.Bg2 g5 12.Bxe5 Nxe5 13.Qd4 Nxc4 14.Qxh8 O-O-O
15.O-O Nd2 16.Rfd1 Be7 17.Qg7 Bc2 18.Qxf7 Bxd1 19.Rxd1 Bb4 20.Qe6+ Kb8 21.e3 Qg7
22.Qf5 Bxc3 23.bxc3 Qxc3 24.Qxg5 Kc7 25.Qf4+ Kb6 26.h4 a5 27.Kh2 Qb4 28.e4 Rd4
29.Qe3 c5 30.e5 Nc4 31.Rxd4 Nxe3 32.Rxb4+ axb4 33.fxe3 b3 34.Bd5 b2 35.Be4 c4
36.Bxh7  1-0

[Event "VII Pablo Gorbea"]
[Site "Madrid ESP"]
[Date "2003.09.09"]
[Round "9"]
[White "Rojo Huerta,G"]
[Black "Perez,Lu"]
[Result "1/2-1/2"]
[WhiteElo "2326"]
[BlackElo "2408"]

1.d4 d5 2.c4 c6 3.Nf3 Nf6 4.Nc3 dxc4 5.a4 Bf5 6.Nh4 Bc8 7.e3 e5 8.Bxc4 exd4
9.exd4 Be7 10.O-O O-O 11.Re1 Na6 12.Qb3 Nd5 13.Nf3 Nab4 14.Bxd5 cxd5 15.Na2 Nc6
16.Nc3 Nb4 17.Na2 Nc6 18.Nc3  1/2-1/2

[Event "ch-Nordic"]
[Site "Aarhus DEN"]
[Date "2003.09.12"]
[Round "6"]
[White "Olafsson,H1"]
[Black "Hector,J"]
[Result "1-0"]
[WhiteElo "2498"]
[BlackElo "2538"]

1.d4 d5 2.c4 c6 3.Nf3 Nf6 4.Nc3 dxc4 5.a4 Bf5 6.e3 e6 7.Bxc4 Bb4 8.O-O Nbd7
9.Qe2 Bg4 10.h3 Bxf3 11.Qxf3 O-O 12.Rd1 Rc8 13.e4 e5 14.dxe5 Nxe5 15.Qf5 Qa5
16.Bf1 Rce8 17.Bg5 Nh5 18.Be3 g6 19.Qg5 Be7 20.Qh6 Rd8 21.Be2 Ng7 22.Qf4 f5
23.Nd5 cxd5 24.Qxe5 Bf6 25.Rxd5 Qb4 26.Rb5 Bxe5 27.Rxb4 b6 28.Rd1 fxe4 29.Rxd8 Rxd8
30.g4 Kf7 31.b3 Re8 32.Bc4+ Kf6 33.Bd5 Ne6 34.Rxe4 Nc5 35.g5+ Kf5 36.Rh4 Rd8
37.Bf3 h5 38.gxh6 g5 39.Rg4 Bf4 40.Bxf4 gxf4 41.h7 Rh8 42.Bd1  1-0

[Event "TCh-CRO"]
[Site "Rabac CRO"]
[Date "2003.09.13"]
[Round "7"]
[White "Cebalo,M"]
[Black "Rogic,D"]
[Result "0-1"]
[WhiteElo "2510"]
[BlackElo "2461"]

1.d4 d5 2.c4 c6 3.Nf3 Nf6 4.Nc3 dxc4 5.a4 Bf5 6.Ne5 Nbd7 7.Nxc4 Qc7 8.g3 Rd8
9.Bg2 e5 10.O-O Be6 11.Na3 Nc5 12.d5 Nxd5 13.Nxd5 Bxd5 14.Bxd5 Rxd5 15.Qc2 Ne6
16.e4 Rd7 17.Be3 Bxa3 18.Rxa3 O-O 19.b4 Rfd8 20.Rc1 Nd4 21.Qc4 h6 22.Kg2 Qd6
23.Bxd4 Qxd4 24.b5 c5 25.Qxd4 cxd4 26.f4 f5 27.Kf3 fxe4+ 28.Kxe4 exf4 29.Kxf4 d3
30.Rd1 d2 31.Ke3 Kf7 32.Ke2 Re8+ 33.Re3 Rxe3+ 34.Kxe3 Ke6 35.Rxd2 Rxd2 36.Kxd2 Kd5
37.Kd3 Kc5 38.Kc3 Kd5 39.Kd3 Kc5 40.Kc3 h5 41.h4 b6 42.Kb3 Kd4 43.Kb4 Ke3
44.Kc4 Ke4 45.a5 bxa5 46.Kb3 Kf3 47.Ka4 Kxg3 48.Kxa5 Kxh4 49.Ka6 g5 50.Kxa7 g4
51.b6 g3  0-1

[Event "EYb16"]
[Site "Budva YUG"]
[Date "2003.09.14"]
[Round "2"]
[White "Gavariev,R"]
[Black "Shelajev,O"]
[Result "1/2-1/2"]
[WhiteElo "2256"]
[BlackElo "2029"]

1.d4 d5 2.c4 c6 3.Nf3 Nf6 4.Nc3 dxc4 5.a4 Bf5 6.e3 e6 7.Bxc4 Bb4 8.O-O O-O
9.Qe2 Nbd7 10.Rd1 Qc7 11.Bd2 e5 12.Ne4 Be7 13.Nxf6+ Bxf6 14.e4 Bg6 15.d5 Nc5
16.Bb4 Be7 17.dxc6 bxc6 18.Bxc5 Bxc5 19.Nh4 a5 20.Nxg6 hxg6 21.Qg4 Qb6 22.Rd2 Bd4
23.Rad1 Qb4 24.b3 Rad8 25.g3 Qd6  1/2-1/2

[Event "FSGM September"]
[Site "Budapest HUN"]
[Date "2003.09.15"]
[Round "10"]
[White "Erdos,V"]
[Black "Pert,N"]
[Result "0-1"]
[WhiteElo "2420"]
[BlackElo "2483"]

1.d4 d5 2.c4 c6 3.Nf3 Nf6 4.Nc3 dxc4 5.a4 Bf5 6.Ne5 Nbd7 7.Nxc4 Qc7 8.g3 e5
9.dxe5 Nxe5 10.Bf4 Nfd7 11.Bg2 g5 12.Nxe5 gxf4 13.Nxd7 O-O-O 14.Qd4 Qxd7
15.Qxf4 Bd6 16.Qd4 Bc7 17.Qxd7+ Rxd7 18.Be4 Bxe4 19.Nxe4 Be5 20.Rb1 Rd4 21.Nc5 Bd6
22.Nd3 Rxa4 23.Kd2 Re8 24.e3 b5 25.Rhc1 Kc7 26.Rc2 Kb6 27.Ke2 a5 28.Rbc1 Rc8
29.Rd1 Re4 30.Ne1 Be7 31.Rd7 Rc7 32.Rd3 a4 33.Ng2 Re6 34.Rcd2 Bb4 35.Rd1 Re8
36.Rd4 Be7 37.Rf4 a3 38.bxa3 Bxa3 39.Rh4 f6 40.Nf4 Ree7 41.Rh6 Rf7 42.g4 Ka5
43.h4 b4 44.g5 fxg5 45.hxg5 b3 46.Rb1 Ka4 47.Ne6 b2 48.Nd4 Rfd7 49.Rh4 c5
50.Ne6+ c4 51.Nxc7 Rxc7 52.Kf3  0-1

[Event "TCh-CRO"]
[Site "Rabac CRO"]
[Date "2003.09.15"]
[Round "9"]
[White "Boric,M"]
[Black "Takac,Z"]
[Result "1/2-1/2"]
[WhiteElo "2410"]
[BlackElo "2157"]

1.d4 d5 2.Nf3 Nf6 3.c4 c6 4.Nc3 dxc4 5.a4 Bf5 6.e3 e6 7.Bxc4 Bb4 8.O-O O-O
9.h3 Nbd7 10.Nh4 Qa5 11.Nxf5 exf5 12.Na2 Bd6 13.Bd2 Qc7 14.Nc3 Ne4 15.Be1 Ndf6
16.Rc1 Qe7 17.Qd3 Rad8 18.Ne2 Nh5 19.f3  1/2-1/2

[Event "EYb14"]
[Site "Budva YUG"]
[Date "2003.09.16"]
[Round "4"]
[White "Rodshtein,M"]
[Black "Andriasian,Z"]
[Result "1/2-1/2"]
[WhiteElo "2344"]
[BlackElo "2311"]

1.d4 d5 2.c4 c6 3.Nc3 Nf6 4.Nf3 dxc4 5.a4 Bf5 6.Ne5 Nbd7 7.Nxc4 Qc7 8.g3 e5
9.dxe5 Nxe5 10.Bf4 Nfd7 11.Bg2 g5 12.Nxe5 gxf4 13.Nxd7 O-O-O 14.Qd4 Qxd7
15.Qxf4 Bd6 16.Qh6 Bf8 17.Qf4 Bd6 18.Qh6 Bf8 19.Qe3 Bg7 20.O-O Qd4 21.Qxd4 Rxd4
22.e4 Be6 23.f4 Rd2 24.e5 Rxb2 25.Ne4 Bf8 26.Rf2 Rxf2 27.Kxf2 Bb4 28.Rb1 a5
29.Ke3 Rd8 30.Bf1 Kc7 31.Be2 Ba2 32.Rb2 Bd5 33.Bd3 h6 34.g4 c5 35.Nd6 Rxd6
36.exd6+ Kxd6 37.Be4 c4 38.Rc2 Bc5+ 39.Kf3 Bd4 40.h4 c3 41.g5 Bb3 42.Rc1 h5
43.Bxb7 Bxa4 44.Be4 Bb3 45.Bc2 Bd5+ 46.Ke2 Bc4+ 47.Bd3 Bb3 48.Bc2 a4 49.f5 Bc4+
50.Bd3 Kc5 51.Ra1 Bb3 52.Rb1 Kd5 53.Kf3 Be5 54.Ke3 Bd6 55.g6 fxg6 56.fxg6 Bf8
57.Ke2 Bh6 58.Rg1 Bg7 59.Rg5+ Kd4 60.Rxh5 a3 61.Ra5 a2 62.h5 Bh6 63.Ra3 Ke5
64.Kf3 Kd4 65.Bf5 Ke5 66.Bd3 Kf6 67.Ra5 Ke6 68.Kg4 Bd5 69.Bc2 Bc4 70.Kf3 Bd5+  1/2-1/2

[Event "FSGM September"]
[Site "Budapest HUN"]
[Date "2003.09.18"]
[Round "13"]
[White "Pert,N"]
[Black "Banusz,T"]
[Result "1-0"]
[WhiteElo "2483"]
[BlackElo "2322"]

1.d4 d5 2.c4 c6 3.Nf3 Nf6 4.Nc3 dxc4 5.a4 Bf5 6.e3 e6 7.Bxc4 Bb4 8.O-O O-O
9.Qe2 Nbd7 10.e4 Bg6 11.Bd3 h6 12.Rd1 Re8 13.Bb1 a6 14.Bd2 Qa5 15.e5 Nd5
16.Bxg6 fxg6 17.Qd3 Nf8 18.Ne4 Qc7 19.Bxb4 Nxb4 20.Qb3 a5 21.Nd6 Red8 22.Nd2 Rxd6
23.exd6 Qxd6 24.Nc4 Qd5 25.Rac1 Rd8 26.Qg3 Na2 27.Rc2 Nb4 28.Rcc1 Na2 29.Rc2 Nb4
30.Nb6 Qf5 31.Rcc1 Nd5 32.Nxd5 Rxd5 33.Qc7 g5 34.Qxb7 Ng6 35.Qxc6 Nh4 36.Qc8+  1-0

[Event "GRE-GEO Match m"]
[Site "Athens GRE"]
[Date "2003.09.20"]
[Round "3"]
[White "Banikas,H"]
[Black "Gagunashvili,M"]
[Result "1/2-1/2"]
[WhiteElo "2530"]
[BlackElo "2577"]

1.d4 d5 2.c4 c6 3.Nf3 Nf6 4.Nc3 dxc4 5.a4 Bf5 6.Ne5 Nbd7 7.Nxc4 Qc7 8.g3 e5
9.dxe5 Nxe5 10.Bf4 Nfd7 11.Bg2 f6 12.O-O Nc5 13.Ne3 Rd8 14.Ncd5 Qd7 15.Nxf5 Qxf5
16.Ne3 Rxd1 17.Nxf5 Rxa1 18.Rxa1 a5 19.Rb1 g6 20.Nd4 Bd6 21.Bd2 Nxa4 22.b3 Nc5
23.Bxa5 Ke7 24.f4 Ned7 25.b4 Ne6 26.Nxe6 Kxe6 27.b5 Ra8 28.bxc6 bxc6 29.Be1 Rb8
30.Rxb8 Nxb8 31.Kf2 f5 32.e4 fxe4 33.Bxe4 c5 34.Bc3 Nd7 35.Kf3  1/2-1/2

[Event "ECC"]
[Site "Rethymnon GRE"]
[Date "2003.10.01"]
[Round "4"]
[White "Avrukh,B"]
[Black "Miton,K"]
[Result "0-1"]
[WhiteElo "2557"]
[BlackElo "2546"]

1.d4 d5 2.c4 c6 3.Nc3 Nf6 4.Nf3 dxc4 5.a4 Bf5 6.Ne5 Nbd7 7.Nxc4 Nb6 8.Ne5 a5
9.g3 e6 10.Bg2 Bb4 11.O-O O-O 12.e3 Nbd5 13.Na2 Be7 14.g4 Bg6 15.h4 Nb4 16.Nxb4 Bxb4
17.h5 Be4 18.f3 Bd5 19.h6 g6 20.Qd3 Bd6 21.g5 Nh5 22.e4 Qb6 23.Be3 Bb3 24.Nd7 Qc7
25.Nf6+ Nxf6 26.gxf6 Qb6 27.e5 Bc7 28.d5 Bc4 29.Qc3 Qb4 30.Qxb4 axb4 31.d6 Bxf1
32.dxc7 Bc4 33.Bb6 Rfc8 34.a5 Kf8 35.Rd1 Bd5 36.Rxd5 exd5 37.Bh3 Re8 38.Bd7 Rxe5
39.Bc5+ Kg8 40.Ba7 Rc8 41.Bxc8 d4 42.Bxd4 Rxa5 43.Bb6 Ra2 44.b3 Ra8 45.Bd7 Ra3
46.Kf2 Rxb3 47.Ke2 Rc3  0-1

[Event "2nd League TCh-SCG"]
[Site "Belgrade SCG"]
[Date "2003.10.02"]
[Round "6"]
[White "Mijatovic,D"]
[Black "Damjanovic,D"]
[Result "0-1"]
[WhiteElo "2290"]
[BlackElo "2276"]

1.d4 d5 2.c4 c6 3.Nf3 Nf6 4.Nc3 dxc4 5.a4 Bf5 6.e3 e6 7.Bxc4 Bb4 8.O-O Nbd7
9.Qe2 Bg6 10.Rd1 Qc7 11.Bd3 Bh5 12.e4 e5 13.d5 O-O 14.dxc6 bxc6 15.Na2 Bc5
16.b4 Bd4 17.Rb1 a5 18.b5 cxb5 19.axb5 Nc5 20.Ba3 Nxd3 21.Rxd3 Rfd8 22.h3 Nxe4
23.Rxd4 exd4 24.b6 Qb7 25.g4 Bg6  0-1

[Event "ECC"]
[Site "Rethymnon GRE"]
[Date "2003.10.02"]
[Round "5"]
[White "Horvath,Jo1"]
[Black "Gulbas,C"]
[Result "1-0"]
[WhiteElo "2519"]
[BlackElo "2340"]

1.d4 d5 2.Nf3 Nf6 3.c4 c6 4.Nc3 dxc4 5.a4 Bf5 6.Ne5 Nbd7 7.Nxc4 Nd5 8.f3 e5
9.e4 Nxc3 10.bxc3 Be6 11.Ne3 exd4 12.cxd4 Nf6 13.Bc4 Bb4+ 14.Ke2 Bxc4+ 15.Nxc4 O-O
16.Ba3 Bxa3 17.Rxa3 Qe7 18.Rd3 Nd5 19.Kf2 Nf4 20.Rd2 Qb4 21.Qc2 Rad8 22.Rb1 Qe7
23.Ne3 Ne6 24.Nf5 Qd7 25.d5 b6 26.Qxc6  1-0

[Event "ECC"]
[Site "Rethymnon GRE"]
[Date "2003.10.04"]
[Round "7"]
[White "Gagunashvili,M"]
[Black "Sokolov,I"]
[Result "1/2-1/2"]
[WhiteElo "2577"]
[BlackElo "2693"]

1.d4 d5 2.c4 c6 3.Nf3 Nf6 4.Nc3 dxc4 5.a4 Bf5 6.Ne5 Nbd7 7.Nxc4 Nb6 8.Ne5 a5
9.f3 Nfd7 10.Nxd7 Nxd7 11.e4 Bg6 12.d5 Qb6 13.Bc4 Ne5 14.Ba2 e6 15.f4 Nd7
16.f5 exf5 17.exf5 O-O-O 18.fxg6 Re8+ 19.Kf1 Qa6+ 20.Ne2 fxg6 21.dxc6 bxc6
22.Qc2 Bb4 23.Bc4 Rhf8+ 24.Bf4 Qb6 25.h4 Ne5 26.Qb3 Kb7 27.g3 Ng4 28.Kg2 Rxf4
29.Ba6+ Qxa6 30.Nxf4 Re2+ 31.Kh3 Nf2+ 32.Kg2 Ng4+ 33.Kh3 Nf2+ 34.Kg2 Ne4+
35.Kh3 Nf2+  1/2-1/2

[Event "Femida"]
[Site "Kharkov UKR"]
[Date "2003.10.06"]
[Round "1"]
[White "Kostiuk,T"]
[Black "Gagloshvili,R"]
[Result "1/2-1/2"]
[WhiteElo "2277"]
[BlackElo "2218"]

1.d4 d5 2.c4 c6 3.Nf3 Nf6 4.Nc3 dxc4 5.a4 Bf5 6.Ne5 Nbd7 7.Nxc4 Qc7 8.g3 e5
9.dxe5 Nxe5 10.Bf4 Nfd7 11.Bg2 f6 12.O-O Nc5 13.e4 Bg6 14.Bxe5 fxe5 15.f4 Nd7
16.Bh3 Bc5+ 17.Kh1 Rd8 18.Qe2 Bd4 19.Rad1 O-O 20.Be6+ Kh8 21.Bxd7 Rxd7 22.Nxe5 Bxe5
23.Rxd7 Qxd7 24.fxe5 Rxf1+ 25.Qxf1 Qe7 26.Qf2 h6 27.Qxa7 Qxe5 28.Qe3 Qe6
29.Kg2 b5 30.axb5 cxb5 31.Nxb5 Bxe4+ 32.Kg1 Qg6 33.Nc3 Bb7 34.Qf2 Kg8 35.Kf1 Qa6+
36.Qe2 Qc6 37.Ke1 Qh1+ 38.Kd2 Bf3 39.Qf2 Bb7  1/2-1/2

[Event "zt 2.3"]
[Site "Guayaquil ECU"]
[Date "2003.10.09"]
[Round "6"]
[White "Ramirez,Al"]
[Black "Delgado Kuffo,A"]
[Result "1-0"]
[WhiteElo "2483"]
[BlackElo "2372"]

1.d4 d5 2.c4 c6 3.Nf3 Nf6 4.Nc3 dxc4 5.a4 Bf5 6.e3 e6 7.Bxc4 Bb4 8.O-O Nbd7
9.Qe2 Bg4 10.e4 Nb6 11.Bb3 Bxf3 12.Qxf3 Qxd4 13.Qg3 Bd6 14.Qh3 O-O 15.Rd1 Qe5
16.f4 Bc5+ 17.Kh1 Nxe4 18.Nxe4 Qxe4 19.Bd2 Rfd8 20.Rac1 g6 21.a5 Nd7 22.f5 Nf6
23.fxe6 Ng4 24.exf7+ Kg7 25.Bc3+ Kf8 26.Rf1 h5 27.Rce1 Be3 28.Qf3 Qxf3 29.gxf3 Nf2+
30.Kg2 Bc5 31.Rxf2 Bxf2 32.Kxf2 c5 33.Kg3 Rd6 34.Bg7+ Kxg7 35.Re8  1-0